On This Day: August 7th II Quiz Stats

 Plays Quiz Updated Aug 7, 2018

Score 0/7 Timer 03:00
0 Plays Today
Question Answer Wrong Answers
President George Washington invokes the Militia Acts of 1792 to help suppress the ______ Rebellion in Pennsylvania.
1794
Whiskey
91.6%
Rum
6.9%
Wine
0.7%
Vodka
0.7%
This West African nation gains their independence from France.
1960
Côte d'Ivoire
75.2%
Tunisia
11.8%
Djibouti
5.8%
Madagascar
6.3%
The US Court of Appeals upholds a lower court ruling, striking down the government’s attempt to ban this James Joyce novel.
1934
Ulysses
74.9%
The Sound and the Fury
6.8%
To the Lighthouse
1.6%
The Grapes of Wrath
16%
The Bull Moose Party nominates ______ as their candidate for United States President.
1912
Theodore Roosevelt
73.8%
William Howard Taft
9.3%
William McKinley
6.5%
Woodrow Wilson
10%
Two nearly simultaneous bombings occur at United States embassies in Dar es Salaam, ______, and Nairobi, Kenya, killing over 200 people.
1998
Tanzania
62.5%
Zimbabwe
21.2%
Botswana
11.6%
South Africa
3.5%
This Canadian ice hockey player, who was selected first overall by the Pittsburgh Penguins in the 2005 NHL Entry Draft, is born.
1987
Sidney Crosby
60.5%
Alexander Ovechkin
19.8%
Jarome Iginla
4.8%
Joe Thornton
13.9%
Barry Bonds of the San Francisco Giants hits his ______ career home run, breaking Hank Aaron’s MLB record.
2007
756th
48.7%
715th
30.1%
681st
7.9%
779th
11.8%

You're not logged in!

Compare scores with friends on all Sporcle quizzes.
OR
Log In

Sporcle TV

Today on Sporcle TV


Watch our educational content, quiz creation guides, and fun videos on Sporcle TV.

Show Comments

Extras

Top Quizzes Today


Score Distribution

Your Account Isn't Verified!

In order to create a playlist on Sporcle, you need to verify the email address you used during registration. Go to your Sporcle Settings to finish the process.

Report this User

Report this user for behavior that violates our Community Guidelines.

Details: